Dialoghi morali.

Gespeichert in:
Bibliographische Detailangaben
1. Verfasser: Séneca, Lucio Anneo (autore)
Format: Buch
Veröffentlicht: Torino, Italia: Einaudi, 1995.
Schriftenreihe:Einaudi Tascabili. Classici,
Schlagworte:
Tags: Tag hinzufügen
Keine Tags, Fügen Sie den ersten Tag hinzu!

MARC

LEADER 00000nam a22000007a 4500
003 CL-VaPUC
005 20220822114612.0
008 220712t1995 ||||| |||| 00| 0 eng d
999 |c 436949  |d 436947 
020 |a 88-06-13870-7 
040 |c Pontificia Universidad Católica de Valparaíso 
082 7 |a 187 SEN 1995  |2 22 
100 |a Séneca, Lucio Anneo  |9 313328  |e autore 
245 1 |a Dialoghi morali.  
260 |a Torino, Italia:  |b Einaudi,   |c 1995. 
300 |a 377 páginas.  
490 |a Einaudi Tascabili. Classici,   |n  310. 
500 |a c.1 Donación Familia Prof. Alejandro Guzmán Brito. 
505 |a La provvidenza. La fermezza del saggio. La vita felice. La vita ritirata. La tranquillità dell'animo. La brevità della vita. 
583 |c 20220712  |k Cristina María Rojas Aguilar 
650 |a Filosofía griega  |9 265579 
650 |a Moral   |9 265913 
942 |2 ddc  |c BK  |n 0 
952 |0 0  |1 0  |2 ddc  |4 0  |6 187_000000000000000_SEN_1995  |7 0  |8 C_AGB  |9 584683  |a BIBDER  |b BIBDER  |d 2022-07-12  |e Donación   |i 5652768  |o 187 SEN 1995  |p 5652768  |r 2023-01-25  |t 1  |w 2022-07-12  |y BK_US  |k AGB